[Event "ESP-ch"]
[Site "Barcelona"]
[Date "2000.08.22"]
[Round "5"]
[White "Garcia Albarracin, Francisco"]
[Black "Oms Pallisse, Josep"]
[Result "1-0"]
[WhiteElo "2340"]
[BlackElo "2430"]
[PlyCount "71"]
[EventDate "2000.08.18"]
[EventType "swiss"]
[EventRounds "9"]
[EventCountry "ESP"]
[SourceTitle "CBM 077 Extra"]
[Source "ChessBase"]
[SourceDate "2000.09.14"]
[SourceVersion "1"]
[SourceVersionDate "2000.09.14"]
[SourceQuality "1"]

1. d4 Nf6 2. Nf3 e6 3. Bg5 c5 4. e3 cxd4 5. exd4 b6 6. Nbd2 Bb7 7. Bd3 Be7 8. 0-0 0-0 9. Re1 d6 10. c3 Nbd7 11. a4 a6 12. Qe2 Re8 13. Bh4 Nf8 14. Bc2 Qc7 15. Bxf6 Bxf6 16. Ne4 Bd8 17. h4 Qe7 18. Qd3 Bc7 19. h5 h6 20. Ng3 Qf6 21. Re3 Qf4 22. Rae1 Qg4 23. Re4 Bxe4 24. Rxe4 Qxe4 25. Qxe4 d5 26. Qe2 Bxg3 27. fxg3 Rec8 28. g4 f6 29. Nh4 Re8 30. Ng6 Nh7 31. Nf4 Ng5 32. Bg6 Red8 33. Nh3 Rd6 34. Nxg5 hxg5 35. Bc2 Rf8 36. Qxa6 1-0

[Event "ESP-ch"]
[Site "Torrevieja"]
[Date "1997.10.01"]
[Round "4"]
[White "Garcia Albarracin, Francisco"]
[Black "Comas Fabrego, Luis"]
[Result "0-1"]
[WhiteElo "2305"]
[BlackElo "2475"]
[PlyCount "52"]
[EventDate "1997.09.29"]
[EventType "swiss"]
[EventRounds "9"]
[EventCountry "ESP"]
[SourceTitle "CBM 060 Extra"]
[Source "ChessBase"]
[SourceDate "1997.11.04"]
[SourceVersion "1"]
[SourceVersionDate "1997.11.04"]
[SourceQuality "1"]

1. d4 Nf6 2. Nf3 g6 3. Bg5 Bg7 4. Nbd2 d5 5. e3 0-0 6. Ne5 Ne8 7. Bh4 Nd6 8. c4 Nf5 9. Bg3 c5 10. cxd5 cxd4 11. exd4 Qxd5 12. Ndf3 Be6 13. Be2 Qa5+ 14. Kf1 Nc6 15. Nxc6 bxc6 16. Be5 Bxe5 17. dxe5 Rfd8 18. Qc1 Nd4 19. Qc3 Qb6 20. h4 h5 21. Ng5 Nxe2 22. Kxe2 Bg4+ 23. f3 Bc8 24. Qb3 Ba6+ 25. Ke1 Qa5+ 26. Qc3 Qb5 0-1

[Event "Once op 10th"]
[Site "Spain"]
[Date "1997.??.??"]
[Round "?"]
[White "Campos Gambuti, Luis Maria"]
[Black "Garcia Albarracin, Francisco"]
[Result "1-0"]
[WhiteElo "2365"]
[BlackElo "2290"]
[PlyCount "78"]
[EventDate "1997.??.??"]
[EventType "swiss"]
[EventRounds "7"]
[EventCountry "ESP"]
[SourceTitle "EXT 2004"]
[Source "ChessBase"]
[SourceDate "2003.11.25"]
[SourceVersion "1"]
[SourceVersionDate "2003.11.25"]
[SourceQuality "1"]

1. d4 d6 2. e4 Nf6 3. Nc3 e5 4. dxe5 dxe5 5. Qxd8+ Kxd8 6. Bc4 Be6 7. Bxe6 fxe6 8. Be3 Bd6 9. f3 Nc6 10. Nge2 a6 11. Nd1 Ke7 12. Nf2 Nb4 13. Kd2 Rhd8 14. Kc1 c5 15. Nc3 h6 16. Rd1 b6 17. Nb1 Nc6 18. c3 Rab8 19. Nd2 Na5 20. g3 Rdc8 21. f4 Nd7 22. f5 c4 23. Kc2 b5 24. g4 b4 25. Rg1 Bc5 26. Nd1 Rc6 27. g5 h5 28. Rg3 Rcb6 29. cxb4 Rxb4 30. b3 cxb3+ 31. axb3 Rc8 32. f6+ gxf6 33. gxf6+ Kxf6 34. Bxc5 Rxc5+ 35. Rc3 Rd4 36. Rxc5 Nxc5 37. Rxa5 Rxd2+ 38. Kxd2 Nxb3+ 39. Kc3 Nxa5 1-0